Statistiche per Paesi più vicini al Laos

Clicka qui per fare il quiz!

Statistiche generali

  • Questo quiz è stato fatto 27 volte
  • Il punteggio medio è 18 su 20

Statistiche sulle risposte

kmnazione% Corretto
0Cambogia
100%
0Cina
100%
0Thailandia
100%
0Vietnam
100%
0Birmania
96%
1315Filippine
96%
717India
96%
1105Indonesia
96%
2714Corea del Nord
92%
2603Corea del Sud
92%
1864Giappone
92%
945Malesia
92%
1396Nepal
92%
1406Singapore
88%
1072Bhutan
83%
780Bangladesh
79%
2360Sri Lanka
79%
1528Taiwan
79%
1342Brunei
71%
2148Mongolia
63%

Distribuzione punteggi

Percentile per numero di risposta

Percentuale di utenti per punteggio

I tuoi punteggi nel tempo

Non hai fatto questo quiz